000 00414nam a2200157Ia 4500
008 210210b1987 xxu||||| |||| 00| 0 eng d
020 _a81 204 0211 1
082 _a621.384134 RAOI
100 _aRAO (K J M).
245 _aIntroduction to semiconductor devices.
260 _aBombay
_bOxford & IBH publishing Co.
_c1987
300 _a220
650 _aSemiconductor devices
690 _aRadio
906 _a042951
999 _c92344
_d92344